Giáo trình kinh tế phát triển

में बचाया:
ग्रंथसूची विवरण
मुख्य लेखक: Vũ, Thị Ngọc Phùng
स्वरूप: पुस्तक
भाषा:Undetermined
प्रकाशित: Hà Nội Lao động - Xã hội 2006
विषय:
टैग : टैग जोड़ें
कोई टैग नहीं, इस रिकॉर्ड को टैग करने वाले पहले व्यक्ति बनें!
Thư viện lưu trữ: Trung tâm Học liệu Trường Đại học Cần Thơ
LEADER 00652nam a2200229Ia 4500
001 CTU_110663
008 210402s9999 xx 000 0 und d
020 |c 30000 
082 |a 338.9 
082 |b Ph513 
100 |a Vũ, Thị Ngọc Phùng 
245 0 |a Giáo trình kinh tế phát triển 
245 0 |c Vũ Thị Ngọc Phùng 
260 |a Hà Nội 
260 |b Lao động - Xã hội 
260 |c 2006 
526 |a Kinh tế phát triển 
526 |b KT631 
650 |a Developing countries 
650 |x Economic conditions 
904 |i Minh 
980 |a Trung tâm Học liệu Trường Đại học Cần Thơ